Un mandamiento tradicional: no agredir /
Uloženo v:
| Hlavní autor: | |
|---|---|
| Další autoři: | , |
| Médium: | Text |
| Témata: | |
| Tagy: |
Přidat tag
Žádné tagy, Buďte první, kdo vytvoří štítek k tomuto záznamu!
|
MARC
| LEADER | 00000 a a2200000 04500 | ||
|---|---|---|---|
| 001 | 2337 | ||
| 003 | |||
| 040 | |||
| 100 | |a Cantero Vásquez, Marcela | ||
| 245 | |a Un mandamiento tradicional: |b no agredir / |c Marcela Cantero Vásquez | ||
| 500 | |a Artículo producto del Seminario de graduación "La publicidad educativa costarricense frente a la agresión infantil: la realidad de un flagelo social" presentado a la Escuela de Ciencias de la Comunicación de la Universidad de Costa Rica | ||
| 650 | |a DERECHOS HUMANOS | ||
| 650 | |a VIOLENCIA | ||
| 650 | |a VIOLENCIA CONTRA LAS MUJERES | ||
| 650 | |a COSTA RICA | ||
| 700 | |a Madriz Flores, Kathy | ||
| 700 | |a Solano Agüero, Vanesa | ||
| 773 | |g volumen 17, número 2; páginas 27-28 | ||
| 999 | |c 25580 |d 25580 | ||
